000 00605nam a22002177a 4500
005 20170124110201.0
010 _a713296
020 _c12.00
035 _a713296
037 _bCen Lib/Ret
040 _aDPL
_bEN
082 _a181.43
_bGUP
100 _aGupta, Anima Sen
_936187
245 _aSamkhya and Advaita Vedanta :
_cby Anima Sen Gupta
_ba comparative study /
260 _aPatna
_bGour Ashram
_c1973
270 _aKrishna Ghat Quarters
_bPatna
300 _aiv,109p.
_c21cm(Hb)
650 _aSankhya
_935717
650 _aAdvaita
_911921
942 _2ddc
_cEN
_h181.43
_mGUP
999 _c132928
_d132928